|
|
|
|
| LEADER |
01030nam a22002297a 4500 |
| 001 |
AAL8261 |
| 003 |
BD-DhAAL |
| 005 |
20170710120846.0 |
| 008 |
160209s20081994bg ||||| |||| 00| 0 ben d |
| 999 |
|
|
|c 36823
|d 36823
|
| 020 |
|
|
|a 984446014X
|
| 040 |
|
|
|a BD-DhAAL
|c BD-DhAAL
|
| 082 |
|
|
|a 891.4437
|
| 100 |
|
|
|a গঙ্গোপাধ্যায়, সুনীল
|9 17911
|
| 245 |
|
|
|a বুকের পাথর /
|c সুনীল গঙ্গোপাধ্যায়
|
| 260 |
|
|
|a ঢাকা :
|b অবসর প্রকাশন,
|c ২০০৮
|
| 300 |
|
|
|a ৯৫ পৃ. ;
|c ২২ সে.মি.
|
| 541 |
|
|
|e 8261
|
| 650 |
|
|
|a Short stories, Bengali
|9 17912
|
| 942 |
|
|
|2 ddc
|c BK
|
| 952 |
|
|
|0 0
|1 0
|2 ddc
|4 0
|6 891_443700000000000_GAN
|7 0
|9 57954
|a SCL
|b SCL
|c GEN
|d 2016-02-09
|g 75.00
|l 11
|m 12
|o 891.4437 GAN
|p 3020008261
|r 2024-04-28
|s 2024-03-31
|t 1
|w 2016-02-09
|y BK
|
| 952 |
|
|
|0 0
|1 0
|2 ddc
|4 0
|6 891_443700000000000_GAN
|7 0
|9 58072
|a SCL
|b SCL
|c GEN
|d 2016-02-19
|g 75.00
|l 10
|m 25
|o 891.4437 GAN
|p 3020008260
|r 2024-04-21
|s 2024-04-03
|t 2
|w 2016-02-19
|y BK
|